000 00689cam a2200229 4500500
005 20260329005259.0
041 _afre
042 _adc
100 1 0 _aBadoc, Geneviève
_eauthor
245 0 0 _aLa place du psychologue en psychiatrie
260 _c2010.
500 _a6
690 _aassociation professionnelle
690 _acoordination
690 _aformation permanente
690 _ainstitution
690 _apsychiatrie
690 _areprésentation du personnel
690 _atransmission du savoir
786 0 _nPsy Cause | 57 | 1 | 2010-01-09 | p. 8-9 | 1245-2394
856 4 1 _uhttps://shs.cairn.info/revue-psy-cause-2010-1-page-8?lang=fr&redirect-ssocas=7080
999 _c1841923
_d1841923